000
00332nam a22001457a 4500
003
OSt
020
_a
9781878424402
082
_a
299.792
_b
RUF
100
_a
RUIZ, Don Miguel
245
_a
The Four Agreements
260
_a
California:
_b
Amber Allen,
_c
1997.
300
_a
xix,140p.
650
_a
General Books
942
_2
ddc
_c
REF
999
_c
12772
_d
12772